Acciones civiles de prescripción adquisitiva 2003 /

Obra en que se detallan las acciones de de prescripción adquisitiva, así como los bienes objeto de la prescripción, los términos para prescribir, los requisitos de la posesión, la interrupción de la prescripción, el juicio ordinario de usucapión, las excepciones y defensas, y las pruebas, recurso de...

Olles dieđut

Furkejuvvon:
Bibliográfalaš dieđut
Eará dahkkit: Juárez Cacho, Angel J. (dir.) Conductor, Brindis Bello, Miguel A. (dirección) (dirección), Muñoz Flores, Salvador (programación) (programación)
Materiálatiipa: Elektrovnnalaš
Giella:espánnjágiella
Almmustuhtton: México : Raúl Juárez Carro : Centro de Investigación de Contenidos y Aplicaciones de Software Jurídico, 2003, c2003
Fáttát:
Fáddágilkorat: Lasit fáddágilkoriid
Eai fáddágilkorat, Lasit vuosttaš fáddágilkora!

MARC

LEADER 00000nmm^a2200000^a^4500
001 000154611
005 20250521000000.0
009 20260310100401.352
037 |a Acervo ITESO - Biblioteca 
041 |a ESP 
082 |a 346. 7204  |b JUA 2003 
100 |a Juárez Cacho, Angel J.  |e (dir.) 
245 1 0 |a Acciones civiles de prescripción adquisitiva 2003 /  |c Dir. de A.J. Juárez Cacho, M.A. Brindis Bello ; autor del software S. Muñoz Flores. 
264 4 |a México :  |b Raúl Juárez Carro :  |b Centro de Investigación de Contenidos y Aplicaciones de Software Jurídico,  |c 2003, c2003 
300 |a 1 disco compacto de computadora 
336 |a datos para computadora  |b cod  |2 rdacontenido 
337 |a computadora  |b c  |2 rdamedio 
338 |a disco de computadora  |b cd  |2 rdasoporte 
520 |a Obra en que se detallan las acciones de de prescripción adquisitiva, así como los bienes objeto de la prescripción, los términos para prescribir, los requisitos de la posesión, la interrupción de la prescripción, el juicio ordinario de usucapión, las excepciones y defensas, y las pruebas, recurso de apelación e incidentes. Contiene: Marco normativo (actualizado a febrero de 2003); Jurisprudencia y tesis aisladas correlacionadas de la materia (actualizadas hasta enero de 2003); Esquemas procesales de cada una de las acciones de prescripción; Formularios actualizados y clasificados para cada una de las etapas del proceso; Abstract doctrinal de conceptos jurídicos más utilizados en la materia. 
649 |a XX 
650 |a Acciones y Defensas -  |z México 
650 |a Defensa Jurídica -  |z México 
650 |a Litigios -  |z México 
650 |a Recursos (Derecho) -  |z México 
650 |a Procedimientos Civiles -  |z México 
650 |a Derecho de Propiedad -  |z México 
650 |a Derecho Patrimonial -  |z México 
650 |a Derecho Civil -  |z México 
650 |a Derecho Privado -  |z México 
700 |a Brindis Bello, Miguel A.  |e (dirección) 
700 |a Muñoz Flores, Salvador  |e (programación) 
910 |a Fondo General 
920 |a Electrónicos - Recursos en Disco 
905 |a 207 
901 |a 0500086827  |b IT2  |c SWB  |u 20250521 
902 |a https://opac.biblio.iteso.mx/vufind/Record/000154611